000 00366cam a22001097a 4500
008 180718b1986 xxu||||| |||| 00| 0 eng d
082 _aP4x5467 N13/ev
245 _aEvaluation report on elementary education in Nagaland
_cby Directorate of Evaluation
260 _aKohima
_bDirectorate of Evaluation
_c1986
300 _a49p.
700 _aIndia. Directorate of Evaluation
999 _c494584
_d494584